01125nam a2200301 a 450000500170000000800410001702000180005804100080007610000210008424500470010525000110015226000600016330000290022350001240025265300740037665300220045065300400047265300780051265300290059065300340061965300220065365300220067565300320069765300280072965300210075765300210077870000240079920240802112937.0100302e2019 ag a . f | 001 0 spa d a9789500695886 aspa1 aLatarjet, Michel aAnatomía Humana.bT.1 /cMichel Latarjet a5a ed. aBuenos Aires: bEditorial Médica Panamericana;c2019. a1-823 p.bil.c28x20 cm. aLatarjet, M. y Ruiz Liard, A. (2019). Anatomía humana. T.1 (5a ed.). Buenos Aires : Editorial Médica Panamericana.  aGeneralidades concernientes al esqueleto, articulaciones y músculos aColumna vertebral aEsqueleto del cráneo y de la cara aArticulaciones de la cabeza con la columna vertebral. Musculos del cuello aSistema nervioso central aSistema nervioso periférico aNervios craneanos aNervios espinales aSistema nervioso autónomo aOrganos de los sentidos aMiembro superior aMiembro inferior1 aRuiz Liard, Alfredo